| 000 | 01105nam a2200277 i 4500 | ||
|---|---|---|---|
| 001 | 140044 | ||
| 003 | ES-MaACL | ||
| 005 | 20250820122448.0 | ||
| 007 | t| | ||
| 008 | 070214s1969 sp |||| | spa d | ||
| 111 | 2 |
_aAssemblee Pleniere de l'Episcopat Francais ( _d1968. _cLourdes) _9167576 |
|
| 245 | 1 | 0 |
_aJesucristo salvador, esperanza de los hombres, hoy / _cMons. Schmitt, Matagrin, Pailler ; Asamblea Plenaria del Episcopado Francés ; [traducción de Felipe Martín Hernández]. |
| 260 |
_aMadrid : _bMarova, _c1969. |
||
| 300 |
_a185 p. ; _c21 cm. |
||
| 490 | 1 | _aChristus Pastor: experiencias y estudios pastorales | |
| 650 | 4 |
_aCristianismo- _xHistoria- _yS.XX. _9160094 |
|
| 650 | 0 | 4 |
_aSalvación. _916978 |
| 650 | 0 | 4 |
_aFe. _912734 |
| 700 | 0 |
_aSchmitt, Paul Joseph, _cEveque de Metz _9104523 |
|
| 700 | 1 |
_aMatagrin, Gabriel. _978904 |
|
| 700 | 1 |
_aPailler, André _c, Archevêque de Rouen. _9220560 |
|
| 700 | 1 |
_aMartín Hernández, Felipe. _977522 |
|
| 830 | 0 |
_aChristus Pastor: experiencias y estudios pastorales _9220288 |
|
| 852 |
_aES-MaACL _jC-36787 |
||
| 999 |
_c140044 _d140044 |
||